| 000 | 00851 a2200229 4500 | ||
|---|---|---|---|
| 008 | 130821s2006 xxu gr eng | ||
| 020 | _a9780972606424 | ||
| 040 |
_aCO-BoUCM _bspa _cAdriana León _dAldemar Mondragón |
||
| 041 | 0 | 0 | _aeng |
| 100 | 1 |
_aBeitler, Michael _940087 |
|
| 245 | 1 | 0 |
_aStrategic oganizational change a practitioner's guide for managers and consultants _cMichael A. Beitler |
| 250 | _a2a edición | ||
| 260 |
_aGreensboro _bPractitioner Press International _c2006 |
||
| 300 | _axvi, 231 páginas | ||
| 504 | _aIncluye referencias bibliográficas e índices | ||
| 650 | 7 |
_aCambio organizacional _97360 |
|
| 650 | 7 |
_aEjecutivos _913930 |
|
| 650 | 7 |
_aPlanificación estratégica _940088 |
|
| 690 | _aAdministración de empresas | ||
| 942 |
_cLIBRO _a16 _e2 _mB423s _2DEWEY _h658.406 |
||
| 999 |
_c167394 _d167394 |
||